Every Hoi4 1936 Leader - Statistics

General Stats
  • This quiz has been taken 135 times
  • The average score is 10 of 84
Answer Stats
Country Leader % Correct
Germany Adolf Hitler
100%
Italy Benito Mussolini
69%
United States Franklin D. Roosevelt
68%
Japan Hirohito
63%
Communist China Mao Zedong
51%
United Kingdom Stanley Baldwin
51%
Canada Mackenzie King
49%
China Chiang Kai-shek
44%
Albania King Zog
38%
Soviet Union Iosif Stalin
29%
Hungary Miklos Horthy
29%
France Pierre Laval
27%
Bulgaria Boris III
25%
Turkey Mustafa Kemal Ataturk
25%
Czechoslovakia Edvard Benes
24%
Ethiopia Haile Selassie
18%
Yunnan Long Yun
17%
Austria Kurt Schuschnigg
16%
Xibei San Ma Ma Bufang
15%
Guangxi Clique Li Zongren
14%
Australia John Curtin
13%
Brazil Getulio Vargas
12%
Poland Ignacy Moscicki
11%
Yugoslavia Prince Paul
11%
Dominican Republic Rafael Trujillo
11%
Sinkiang Sheng Shicai
9%
Shanxi Yan Xishan
9%
Manchukuo Aisin Gioro Puyi
8%
Ireland Eamon de Valera
8%
British Raj Lord Linlithgow
8%
Estonia Konstantin Pats
7%
Iran Reza Shah Pahlavi
7%
Lithuania Antanas Smetona
6%
Iraq Ghazi I
6%
New Zealand Michael Joseph Savage
6%
Sweden Per Albin Hansson
6%
Belgian Congo Pierre Ryckmans
6%
Switzerland Federal Assembly
5%
Bhutan Jigme Wangchuck
5%
Spain Niceto Alcala-Zamora
5%
Denmark Thorvald Stauning
5%
Saudi Arabia Abdulaziz Ibn Saud
4%
Romania Gheorghe Tatarescu
4%
Mexico Lazaro Cardenas
4%
Portugal Antonio de Oliveira Salazar
3%
Liberia Edwin Barclay
3%
Belgium Hubert Pierlot
3%
South Africa J. B. M. Hertzog
3%
Greece Konstantinos Demertzis
3%
British Malaya Shenton Thomas
3%
Argentina Agustin Pedro Justo
2%
Chile Arturo Alessandri
2%
Uruguay Gabriel Terra
2%
Yemen Imam Yahya
2%
Guatemala Jorge Ubico
2%
Latvia Karlis Ulmanis
2%
Peru Oscar Benavides
2%
Mengkukuo Prince Demchugdongrub
2%
Paraguay Rafael Franco
2%
Tannu Tuva Salchak Toka
2%
Honduras Tiburcio Carias Andino
2%
Colombia Alfonso Lopez Pumarejo
1%
Nicaragua Anastasio Somoza Garcia
1%
Dutch East Indies A.T. van Starkenborgh Stachouwer
1%
Venezuela Eleazar Lopez Contreras
1%
Ecuador Federico Paez
1%
Panama Harmodio Arias Madrid
1%
Netherlands Hendrikus Colijn
1%
Iceland Hermann Jonasson
1%
Norway Johan Nygaardsvold
1%
Cuba Jose Agripino Barnet
1%
Luxembourg Joseph Bech
1%
El Salvador Maximiliano Hernandez Martinez
1%
Finland Pehr Evind Svinhufvud
1%
Siam Phraya Phahon
1%
Costa Rica Ricardo Jimenez Oreamuno
1%
Oman Said bin Taimur
1%
Haiti Stenio Vincent
1%
Mongolia Anandyn Amar
0%
Bolivia David Toro Ruilova
0%
Tibet Jamphel Yeshe Gyaltsen
0%
Nepal Juddha Rana
0%
Philippines Manuel Luis Quezon
0%
Afghanistan Mohammed Hashim Khan
0%
No matching quizzes found
Score Distribution
Percent of People with Each Score
Percentile by Number Answered
Your Score History
You have not taken this quiz